[Event "Rated Blitz game"]
[Site "?"]
[Date "2021.11.24"]
[Round "?"]
[White "Cypress3292020"]
[Black "Roberto_Baggio1978"]
[Result "1-0"]
[WhiteElo "2426"]
[BlackElo "2608"]
[PlyCount "125"]
[EventDate "2021.??.??"]
[EventType "blitz"]

1. e4 e5 2. Nf3 d5 3. exd5 e4 4. Ne5 Qxd5 5. d4 exd3 6. Nxd3 Nf6 7. Nc3 Qa5 8.
Be2 Bd6 9. O-O Nc6 10. Bd2 Qf5 11. Bf3 Nd4 12. Re1+ Kf8 13. Be4 Nxe4 14. Nxe4
Be7 15. Bc3 Ne6 16. Ne5 h5 17. Ng3 Qg5 18. Ne4 Qf5 19. Ng3 Qf4 20. Re4 Qh6 21.
Nf5 Qg5 22. Nxe7 Kxe7 23. Qd5 Rd8 24. Bb4+ Ke8 25. Qxd8+ Qxd8 26. Rae1 Bd7 27.
f4 c5 28. Bc3 Bc6 29. Nxc6 bxc6 30. f5 Qd5 31. fxe6 f5 32. Re5 Qxa2 33. e7 Qf7
34. Rd1 Rc8 35. Rd6 Qxe7 36. Rxe7+ Kxe7 37. Rg6 Kf7 38. Rxg7+ Ke6 39. Rg5 f4
40. Rxh5 f3 41. Kf2 fxg2 42. Kxg2 Rg8+ 43. Kf2 Rf8+ 44. Ke2 Rg8 45. Rh6+ Kd5
46. Rh5+ Kc4 47. Rh4+ Kb5 48. b3 Re8+ 49. Kd2 Kb6 50. Kc1 Kc7 51. Kb2 Re2 52.
Rc4 Rxh2 53. Ra4 Rh5 54. Ba5+ Kd6 55. Bc3 c4 56. Rxc4 c5 57. Ra4 Kd5 58. Rc4
Rh2 59. Ra4 Rxc2+ 60. Kxc2 c4 61. Ra5+ Ke4 62. Rd5 cxb3+ 63. Kxb3 {Time forfeit
} 1-0

[Event "Rated Blitz game"]
[Site "?"]
[Date "2021.11.24"]
[Round "?"]
[White "sheldem"]
[Black "CkLust"]
[Result "0-1"]
[WhiteElo "2406"]
[BlackElo "2418"]
[PlyCount "94"]
[EventDate "2021.??.??"]
[EventType "blitz"]

1. e4 e5 2. Nf3 d5 3. Nc3 d4 4. Ne2 Nc6 5. d3 Bg4 6. Ng3 Nf6 7. h3 Bxf3 8. Qxf3
Bb4+ 9. Bd2 Bxd2+ 10. Kxd2 g6 11. Be2 h5 12. Rhb1 h4 13. Nf1 Qe7 14. Ke1 O-O-O
15. Nd2 Kb8 16. Kf1 Nb4 17. Bd1 Nh5 18. a3 Qg5 19. Nc4 Nc6 20. b4 Ne7 21. Qg4
Qf6 22. Qf3 Nf4 23. a4 Rh5 24. b5 Rdh8 25. a5 Rg5 26. Ne3 dxe3 27. fxe3 Rg3 28.
Qf2 Rxg2 29. Qf3 g5 30. exf4 Rg3 31. Qf2 Qxf4 32. Qxf4 exf4 33. Bg4 Ng6 34. b6
Ne5 35. bxa7+ Kxa7 36. Bf5 Nf3 37. a6 Nd2+ 38. Kf2 Nxb1 39. Rxb1 Kxa6 40. e5 b6
41. Be4 Rxh3 42. Bc6 Ka5 43. c3 b5 44. Rxb5+ Ka6 45. Rb1 g4 46. c4 Rxd3 47. c5
g3+ {Time forfeit} 0-1

[Event "Rated Blitz game"]
[Site "?"]
[Date "2021.11.24"]
[Round "?"]
[White "PhantomKinder"]
[Black "Senor_de_los_vientos"]
[Result "0-1"]
[WhiteElo "2498"]
[BlackElo "2395"]
[PlyCount "76"]
[EventDate "2021.??.??"]
[EventType "blitz"]

1. e4 e5 2. Nf3 d5 3. exd5 e4 4. Qe2 Nf6 5. d3 Qxd5 6. Nbd2 Nc6 7. Nxe4 Be6 8.
Nc3 Qa5 9. Bd2 O-O-O 10. Ne4 Qd5 11. Bc3 Be7 12. g3 Bg4 13. Bg2 Rde8 14. h3 Bh5
15. O-O Qd7 16. Rfe1 Nd5 17. Bxg7 Rhg8 18. Bh6 Nd4 19. Nxd4 Bxe2 20. Nxe2 f5
21. N4c3 Nxc3 22. bxc3 Bg5 23. Bxg5 Rxg5 24. Nf4 c6 25. c4 Rgg8 26. Bf3 Rxe1+
27. Rxe1 Re8 28. Rb1 Qd4 29. Ne2 Qc5 30. Rb3 Qa5 31. Nc3 Re1+ 32. Kg2 Qe5 33.
a4 f4 34. a5 fxg3 35. fxg3 Qxa5 36. Ne4 Rxe4 37. dxe4 Qd2+ 38. Kg1 Qc1+ {Normal
} 0-1

[Event "Rated Blitz game"]
[Site "?"]
[Date "2021.11.24"]
[Round "?"]
[White "MIDOGM"]
[Black "CzechProphylaxis"]
[Result "1-0"]
[WhiteElo "2492"]
[BlackElo "2371"]
[PlyCount "53"]
[EventDate "2021.??.??"]
[EventType "blitz"]

1. e4 e5 2. Nf3 d5 3. Nxe5 Bd6 4. d4 dxe4 5. Bc4 Bxe5 6. dxe5 Qxd1+ 7. Kxd1 Nc6
8. Bf4 Nge7 9. Nc3 Ng6 10. Bg3 Ncxe5 11. Bd5 f5 12. f3 c6 13. Bb3 f4 14. Be1 e3
15. Ne4 a5 16. a4 Ke7 17. h4 Bf5 18. h5 Bxe4 19. fxe4 Rhd8+ 20. Ke2 Nf8 21. Bc3
Nfd7 22. Rh4 Rf8 23. Rf1 Kd6 24. Rhxf4 Rxf4 25. Rxf4 Re8 26. Kxe3 Nf6 27. h6 {
Normal} 1-0

[Event "Rated Blitz game"]
[Site "?"]
[Date "2021.11.24"]
[Round "?"]
[White "Joejan"]
[Black "Nepsuliini"]
[Result "0-1"]
[WhiteElo "2475"]
[BlackElo "2449"]
[PlyCount "48"]
[EventDate "2021.??.??"]
[EventType "blitz"]

1. e4 e5 2. Nf3 d5 3. exd5 Bd6 4. Nc3 Nf6 5. Bb5+ c6 6. dxc6 Nxc6 7. d3 O-O 8.
O-O Bg4 9. Bxc6 bxc6 10. h3 Bh5 11. Bg5 h6 12. Bxf6 Qxf6 13. g4 Bg6 14. Ne4 Qe7
15. Re1 Bc7 16. Ng3 f5 17. Nxe5 Bxe5 18. d4 fxg4 19. Rxe5 Qf6 20. Qxg4 Qxf2+
21. Kh1 Qxc2 22. Rg1 Rf2 23. Nf1 Raf8 24. Rc5 Be4+ {Normal} 0-1

[Event "Rated Blitz game"]
[Site "?"]
[Date "2021.11.24"]
[Round "?"]
[White "Mr_FlagPunisher"]
[Black "Erow"]
[Result "1-0"]
[WhiteElo "2676"]
[BlackElo "2745"]
[PlyCount "83"]
[EventDate "2021.??.??"]
[EventType "blitz"]

1. e4 e5 2. Nf3 d5 3. exd5 e4 4. Qe2 Nf6 5. Nc3 Be7 6. Nxe4 O-O 7. Nxf6+ Bxf6
8. d4 Qxd5 9. Be3 Nc6 10. Qc4 Qh5 11. Be2 Qg6 12. O-O Bh3 13. Ne1 Rfe8 14. c3
Bg5 15. Bd3 Bf5 16. Bxf5 Qxf5 17. Bxg5 Qxg5 18. Nf3 Qf4 19. Rfe1 h6 20. Qb3 b6
21. Qc4 Qf6 22. h3 Qd6 23. Qd3 Rad8 24. Qf5 Ne7 25. Qg4 Ng6 26. Re4 Qd5 27.
Rxe8+ Rxe8 28. b3 h5 29. Qg3 c5 30. c4 Qe4 31. Re1 Qxe1+ 32. Nxe1 Rxe1+ 33. Kh2
cxd4 34. Qb8+ Kh7 35. Qxa7 d3 36. Qd7 Ne5 37. Qd5 g5 38. b4 Re2 39. c5 bxc5 40.
bxc5 d2 41. c6 Nxc6 42. Qd3+ {Normal} 1-0

[Event "Rated Blitz game"]
[Site "?"]
[Date "2021.11.24"]
[Round "?"]
[White "Rus_43"]
[Black "Tintyn"]
[Result "0-1"]
[WhiteElo "2356"]
[BlackElo "2419"]
[PlyCount "40"]
[EventDate "2021.??.??"]
[EventType "blitz"]

1. e4 e5 2. Nf3 d5 3. Nxe5 Bd6 4. d4 dxe4 5. Bf4 Nf6 6. Nc3 O-O 7. Qd2 Nc6 8.
O-O-O Bf5 9. f3 exf3 10. gxf3 Bb4 11. Rg1 Nd5 12. Bh6 Bg6 13. h4 Nxc3 14. bxc3
Ba3+ 15. Kb1 Nxe5 16. dxe5 Qxh4 17. Qg5 Qa4 18. Bd3 gxh6 19. Qxh6 Qa5 20. Rg4
Qxc3 {Normal} 0-1

[Event "Rated Blitz game"]
[Site "?"]
[Date "2021.11.24"]
[Round "?"]
[White "LevPaukman"]
[Black "Tintyn"]
[Result "1-0"]
[WhiteElo "2513"]
[BlackElo "2424"]
[PlyCount "79"]
[EventDate "2021.??.??"]
[EventType "blitz"]

1. e4 e5 2. Nf3 d5 3. Nxe5 Bd6 4. d4 dxe4 5. Nc4 Nf6 6. Nxd6+ Qxd6 7. Be2 O-O
8. O-O Nc6 9. Be3 Bf5 10. c3 Nd5 11. Nd2 Qg6 12. Kh1 Rad8 13. a3 Rfe8 14. Nc4
a6 15. a4 Bc8 16. a5 f5 17. Qd2 Rf8 18. f4 exf3 19. Bxf3 Nxe3 20. Nxe3 f4 21.
Nd5 Qd6 22. b4 Be6 23. c4 Nxd4 24. Qxd4 c6 25. Rad1 cxd5 26. cxd5 Bd7 27. Qc5
Bb5 28. Rfe1 Rf6 29. h3 Bd7 30. Re7 Rc8 31. Qxd6 Rxd6 32. Rd4 g5 33. Be4 h6 34.
Bf3 Rc2 35. Bg4 Bxg4 36. hxg4 b6 37. Ra7 bxa5 38. bxa5 Rc5 39. Re4 Rcxd5 40.
Re8# {Normal} 1-0

[Event "Rated Blitz game"]
[Site "?"]
[Date "2021.11.24"]
[Round "?"]
[White "carlodoctolero"]
[Black "ahoramahora"]
[Result "1-0"]
[WhiteElo "2437"]
[BlackElo "2362"]
[PlyCount "47"]
[EventDate "2021.??.??"]
[EventType "blitz"]

1. e4 e5 2. Nf3 d5 3. exd5 e4 4. Ne5 Qxd5 5. d4 exd3 6. Nxd3 Bf5 7. Nc3 Qd7 8.
Be2 Nc6 9. O-O O-O-O 10. Bf4 Bd6 11. Bg3 Nf6 12. Bxd6 Qxd6 13. a4 Rhe8 14. h3
Kb8 15. Nb5 Qe7 16. Bf3 Ne5 17. Re1 Bxd3 18. cxd3 Nxd3 19. Rxe7 Rxe7 20. Be2
Red7 21. Bxd3 Rxd3 22. Qc2 c6 23. Nc3 Rd2 24. Qb3 {Normal} 1-0

[Event "Rated Blitz game"]
[Site "?"]
[Date "2021.11.24"]
[Round "?"]
[White "DefinitelyNotWashed"]
[Black "Tengo1000cuentas"]
[Result "1-0"]
[WhiteElo "2432"]
[BlackElo "2339"]
[PlyCount "59"]
[EventDate "2021.??.??"]
[EventType "blitz"]

1. e4 e5 2. Nf3 d5 3. Nc3 dxe4 4. Nxe4 f5 5. Ng3 e4 6. Qe2 Nf6 7. d3 Bb4+ 8. c3
O-O 9. cxb4 exf3 10. Qxf3 Nc6 11. a3 Nd4 12. Qd1 Re8+ 13. Be2 Be6 14. O-O Bb3
15. Qd2 Bd5 16. Bd1 f4 17. Qxf4 Ne6 18. Qh4 Nf8 19. Bg5 Re6 20. Bg4 Rd6 21. Nf5
Rc6 22. b5 Rc2 23. Nxg7 Ng6 24. Bxf6 Nxh4 25. Bxd8 Rxd8 26. Ne6 Bb3 27. Nxd8
Ng6 28. Be6+ Kg7 29. Bxb3 Rxb2 30. Bc4 {Normal} 1-0

[Event "Rated Blitz game"]
[Site "?"]
[Date "2021.11.24"]
[Round "?"]
[White "evilreturns"]
[Black "Annali-annaliew1979"]
[Result "1/2-1/2"]
[WhiteElo "2475"]
[BlackElo "2468"]
[PlyCount "143"]
[EventDate "2021.??.??"]
[EventType "blitz"]

1. e4 e5 2. Nf3 d5 3. d4 dxe4 4. Nxe5 Bd6 5. Bf4 Nf6 6. Be2 O-O 7. O-O Nc6 8.
Nxc6 bxc6 9. Bxd6 cxd6 10. c4 d5 11. cxd5 cxd5 12. Nc3 Rb8 13. Na4 Bd7 14. Nc5
Rxb2 15. a4 a5 16. Rb1 Qb6 17. Rxb2 Qxb2 18. Nxd7 Nxd7 19. Bb5 Nf6 20. h3 h6
21. Qa1 Qd2 22. Qd1 Qf4 23. Qc1 Qh4 24. Qc3 Nh5 25. Qxa5 Nf4 26. Qc3 Qg5 27.
Qg3 Qf6 28. Qe3 Rb8 29. Kh2 Ne6 30. Rd1 Rc8 31. Rd2 Qd8 32. g3 Qa5 33. Qe2 Qc3
34. Qe3 Qb4 35. Rd1 Rc3 36. Qd2 Qb3 37. Rc1 Rxc1 38. Qxc1 Qb4 39. Qc8+ Kh7 40.
Qd7 Kg6 41. Qxd5 Nxd4 42. Qxe4+ f5 43. Be8+ Kh7 44. Qe3 Qd6 45. Bf7 g6 46. Qe8
Kg7 47. Qg8+ Kf6 48. Qxg6+ Ke5 49. Qxd6+ Kxd6 50. Bc4 Kc5 51. g4 fxg4 52. hxg4
Kxc4 53. Kg3 Kb4 54. f4 Ne2+ 55. Kh4 Nd4 56. g5 Nf5+ 57. Kh5 hxg5 58. fxg5 Kxa4
59. g6 Ng7+ 60. Kg5 Kb5 61. Kf6 Nh5+ 62. Kf7 Nf4 63. g7 Nd3 64. g8=Q Ne5+ 65.
Kg7 Nc6 66. Qf7 Kc5 67. Qg6 Ne5 68. Qf6 Nd7 69. Qf7 Ne5 70. Qf6 Nd7 71. Qf7 Ne5
72. Qf6 {Normal} 1/2-1/2

[Event "Rated Blitz game"]
[Site "?"]
[Date "2021.11.24"]
[Round "?"]
[White "hagr135"]
[Black "khalid_ontawar"]
[Result "0-1"]
[WhiteElo "2351"]
[BlackElo "2475"]
[PlyCount "30"]
[EventDate "2021.??.??"]
[EventType "blitz"]

1. e4 e5 2. Nf3 d5 3. exd5 e4 4. Qe2 Nf6 5. c4 Bb4 6. Nc3 O-O 7. Ne5 Re8 8. f4
exf3 9. gxf3 Nfd7 10. d4 c5 11. dxc6 Nxc6 12. Be3 Ndxe5 13. dxe5 Nxe5 14. Rd1
Qh4+ 15. Bf2 Nxf3# {Normal} 0-1

[Event "Rated Blitz game"]
[Site "?"]
[Date "2021.11.24"]
[Round "?"]
[White "Sirmarilian"]
[Black "Heri72"]
[Result "0-1"]
[WhiteElo "2354"]
[BlackElo "2484"]
[PlyCount "44"]
[EventDate "2021.??.??"]
[EventType "blitz"]

1. e4 e5 2. Nf3 d5 3. Nxe5 Bd6 4. d4 dxe4 5. Nc4 Nf6 6. Nxd6+ Qxd6 7. Bc4 Bg4
8. Qd2 Nc6 9. d5 Ne5 10. Bb3 b5 11. Nc3 a6 12. a3 O-O 13. O-O Rae8 14. Qf4 Nh5
15. Qg5 h6 16. Qe3 f5 17. h3 f4 18. Qd4 Bxh3 19. Nxe4 Qg6 20. d6+ Kh8 21. g3
Nf3+ 22. Kh1 Nxd4 {Normal} 0-1

[Event "Rated Blitz game"]
[Site "?"]
[Date "2021.11.24"]
[Round "?"]
[White "queenofdomination"]
[Black "khalid_ontawar"]
[Result "0-1"]
[WhiteElo "2482"]
[BlackElo "2490"]
[PlyCount "56"]
[EventDate "2021.??.??"]
[EventType "blitz"]

1. e4 e5 2. Nf3 d5 3. Bb5+ c6 4. Bd3 dxe4 5. Bxe4 f5 6. Bd3 e4 7. Qe2 Qe7 8.
O-O Nf6 9. Nc3 Be6 10. Re1 Nbd7 11. Bc4 O-O-O 12. Bxe6 Qxe6 13. Ng5 Qe8 14. d3
h6 15. Nh3 Bb4 16. Bd2 exd3 17. Qxd3 Qf7 18. Qxf5 g6 19. Qf4 Ba5 20. Rad1 Bc7
21. Qf3 g5 22. Qe3 Ng4 23. Qxa7 Bxh2+ 24. Kh1 Bb8 25. Qa5 Nxf2+ 26. Nxf2 Qxf2
27. Qb4 Qg3 28. Kg1 Rhf8 {Normal} 0-1

[Event "Rated Rapid game"]
[Site "?"]
[Date "2021.11.24"]
[Round "?"]
[White "Manjiro_Sano_Mikey"]
[Black "Newton_54"]
[Result "1-0"]
[WhiteElo "2481"]
[BlackElo "2377"]
[PlyCount "47"]
[EventDate "2021.??.??"]
[EventType "rapid"]

1. e4 e5 2. Nf3 d5 3. exd5 e4 4. Qe2 Nf6 5. Nc3 Be7 6. Nxe4 O-O 7. d3 Re8 8. c4
c6 9. dxc6 Nxc6 10. Be3 Bb4+ 11. Nfd2 Nxe4 12. dxe4 Nd4 13. Bxd4 Qxd4 14. O-O-O
Bf5 15. f3 Rac8 16. Qd3 Qxd3 17. Bxd3 Be6 18. b3 b5 19. Kb2 Red8 20. Nb1 bxc4
21. Bxc4 Bxc4 22. bxc4 Rxd1 23. Rxd1 Rxc4 24. Kb3 {Normal} 1-0

[Event "Rated Blitz game"]
[Site "?"]
[Date "2021.11.24"]
[Round "?"]
[White "qnefe"]
[Black "mirekkk14"]
[Result "1-0"]
[WhiteElo "2476"]
[BlackElo "2377"]
[PlyCount "105"]
[EventDate "2021.??.??"]
[EventType "blitz"]

1. e4 e5 2. Nf3 d5 3. Nxe5 Bd6 4. d4 dxe4 5. Bc4 Bxe5 6. Qh5 Qe7 7. Qxe5 Nc6 8.
Qxe7+ Ngxe7 9. c3 O-O 10. Bf4 Na5 11. Be2 Nd5 12. Bd2 Nc6 13. Na3 a6 14. Nc4 b5
15. Ne3 Nf4 16. Bf1 f5 17. g3 Nd3+ 18. Bxd3 exd3 19. O-O-O f4 20. Nd5 fxg3 21.
fxg3 Rf7 22. Bf4 Bf5 23. Nxc7 Ra7 24. Nd5 Be4 25. Ne3 Bxh1 26. Rxh1 Na5 27. b3
h6 28. h4 Rae7 29. Kd2 g5 30. hxg5 hxg5 31. Bxg5 Rf2+ 32. Kxd3 Rg7 33. Bf4 Rxa2
34. b4 Nb3 35. Rd1 a5 36. bxa5 Nxa5 37. d5 Kf7 38. d6 Ke6 39. Nc2 Rb2 40. Nd4+
Kd5 41. Nf5 Rf7 42. Ke3+ Kc6 43. Nd4+ Kd7 44. Nf3 Nc4+ 45. Kd3 Rf6 46. Ne5+
Nxe5+ 47. Bxe5 Rf3+ 48. Ke4 Rff2 49. Rh1 Rbe2+ 50. Kd5 Rf5 51. Rh7+ Ke8 52.
Re7+ Kd8 53. g4 {Normal} 1-0

[Event "Rated Blitz game"]
[Site "?"]
[Date "2021.11.24"]
[Round "?"]
[White "Lonesome_lion"]
[Black "Schachelite"]
[Result "1-0"]
[WhiteElo "2524"]
[BlackElo "2490"]
[PlyCount "76"]
[EventDate "2021.??.??"]
[EventType "blitz"]

1. e4 e5 2. Nf3 d5 3. Nxe5 Bd6 4. d4 dxe4 5. Bc4 Bxe5 6. dxe5 Qxd1+ 7. Kxd1 Nc6
8. Bf4 Nge7 9. e6 Bxe6 10. Bxe6 Rd8+ 11. Nd2 fxe6 12. Bxc7 Rd7 13. Bf4 O-O 14.
Be3 Nd5 15. Ke2 Ncb4 16. Rhc1 Nxe3 17. fxe3 Rxd2+ 18. Kxd2 Rf2+ 19. Kc3 a5 20.
a3 Nd5+ 21. Kd4 Rxg2 22. Kxe4 Rxh2 23. c4 Rh4+ 24. Ke5 Nxe3 25. Kxe6 Re4+ 26.
Kd7 Nxc4 27. b3 Nb6+ 28. Kc7 Nd5+ 29. Kxb7 h5 30. Rc5 Rd4 31. Kc6 Ne7+ 32. Kb5
h4 33. Kxa5 Kf7 34. b4 h3 35. Rh1 Rh4 36. Rc3 Rh5+ 37. Ka4 Nd5 38. Rcxh3 Nb6+ {
Normal} 1-0

[Event "Rated Blitz game"]
[Site "?"]
[Date "2021.11.24"]
[Round "?"]
[White "ibicenco"]
[Black "Annali-annaliew1979"]
[Result "0-1"]
[WhiteElo "2414"]
[BlackElo "2483"]
[PlyCount "102"]
[EventDate "2021.??.??"]
[EventType "blitz"]

1. e4 e5 2. Nf3 d5 3. exd5 e4 4. Qe2 f5 5. d3 Nf6 6. dxe4 fxe4 7. Nc3 Be7 8.
Nxe4 Nxe4 9. Qxe4 O-O 10. Bc4 Bb4+ 11. c3 Re8 12. Ne5 Bd6 13. Bf4 Nd7 14. O-O-O
Nxe5 15. Bxe5 Rxe5 16. Qd4 Bf5 17. f4 Re8 18. g4 Bxg4 19. Rdg1 Qh4 20. h3 Qh6
21. Rxg4 Re7 22. Rhg1 Kh8 23. Kb1 Rae8 24. f5 Re1+ 25. Kc2 Rxg1 26. Rxg1 Qf6
27. Qxf6 gxf6 28. Kd3 Re5 29. Rf1 Kg7 30. Rf3 Kh6 31. Kd4 b6 32. b4 Kg5 33. Bd3
a5 34. b5 Bc5+ 35. Kc4 Bd6 36. a4 Kh4 37. Kd4 Re1 38. c4 Ra1 39. Bc2 Ra2 40.
Bb3 Rd2+ 41. Ke3 Rb2 42. Kd4 h5 43. Kc3 Be5+ 44. Kd3 Rxb3+ 45. Ke4 Rxf3 46.
Kxf3 Kxh3 47. Kf2 Kg4 48. Kg2 Kxf5 49. c5 bxc5 50. d6 Bxd6 51. b6 cxb6 {Normal}
0-1

[Event "Rated Blitz game"]
[Site "?"]
[Date "2021.11.24"]
[Round "?"]
[White "Roozbeh2005"]
[Black "Tengo1000cuentas"]
[Result "1-0"]
[WhiteElo "2459"]
[BlackElo "2329"]
[PlyCount "101"]
[EventDate "2021.??.??"]
[EventType "blitz"]

1. e4 e5 2. Nf3 d5 3. exd5 Nf6 4. Nxe5 Qxd5 5. d4 Nc6 6. Bc4 Qxg2 7. Bxf7+ Ke7
8. Nxc6+ bxc6 9. Rf1 Kxf7 10. Nc3 Bg4 11. Qd3 Bd6 12. Be3 Rhe8 13. Kd2 Qh3 14.
Rae1 Bf5 15. Qc4+ Be6 16. Qxc6 Rab8 17. Kc1 Qh5 18. d5 Bxd5 19. Qa4 Bb4 20.
Nxd5 Qxd5 21. Rd1 Qb5 22. Qb3+ Kf8 23. Bxa7 Rb7 24. Bd4 Be7 25. Qf3 Kg8 26.
Rfe1 c5 27. Bxf6 Bxf6 28. Rxe8+ Qxe8 29. Qxb7 h6 30. Qd5+ Kh8 31. Qxc5 Qe2 32.
Qc8+ Kh7 33. Qf5+ Kg8 34. Qd3 Qe5 35. Qd5+ Kf8 36. Qxe5 Bxe5 37. h3 Bf4+ 38.
Kb1 Ke7 39. a4 Bc7 40. b4 g5 41. a5 h5 42. a6 Bb6 43. c4 g4 44. hxg4 hxg4 45.
c5 Ba7 46. Rg1 Kd7 47. Rxg4 Kc6 48. Rg6+ Kb5 49. Rb6+ Bxb6 50. cxb6 Kxb6 51. b5
{Normal} 1-0

[Event "Rated Blitz game"]
[Site "?"]
[Date "2021.11.24"]
[Round "?"]
[White "jcmesafischer"]
[Black "Heri72"]
[Result "1-0"]
[WhiteElo "2421"]
[BlackElo "2494"]
[PlyCount "47"]
[EventDate "2021.??.??"]
[EventType "blitz"]

1. e4 e5 2. Nf3 d5 3. exd5 Bd6 4. Nc3 a6 5. Bc4 f5 6. d4 e4 7. Bg5 Nf6 8. Ne5
O-O 9. f3 exf3 10. Qxf3 h6 11. Bf4 b5 12. Bb3 Qe8 13. O-O-O Nbd7 14. Rde1 b4
15. Nd1 Ne4 16. Nf2 g5 17. Bg3 Nxf2 18. Bxf2 f4 19. h4 Nf6 20. hxg5 hxg5 21. g4
fxg3 22. Qxg3 Nh7 23. Rxh7 Kxh7 24. Rh1+ {Normal} 1-0

[Event "Rated Blitz game"]
[Site "?"]
[Date "2021.11.24"]
[Round "?"]
[White "stubborn_steve"]
[Black "Annali-annaliew1979"]
[Result "1-0"]
[WhiteElo "2517"]
[BlackElo "2476"]
[PlyCount "59"]
[EventDate "2021.??.??"]
[EventType "blitz"]

1. e4 e5 2. Nf3 d5 3. exd5 e4 4. Qe2 f5 5. d3 Nf6 6. Nc3 Bb4 7. dxe4 Bxc3+ 8.
bxc3 fxe4 9. Nd4 O-O 10. Bg5 c5 11. Ne6 Qa5 12. Qd2 Bxe6 13. dxe6 Nc6 14. Bc4
Kh8 15. O-O b5 16. Be2 Rfd8 17. Qf4 Rf8 18. Bxf6 Rxf6 19. Qxe4 Rc8 20. Bg4 Ne7
21. Rad1 Rcf8 22. Rd7 Re8 23. Qb7 Nf5 24. Bxf5 Rxf5 25. Rxg7 Rh5 26. Qf7 Qd8
27. e7 Qc8 28. Qf6 Rf5 29. Qh6 Rh5 30. Rxh7+ {Normal} 1-0

[Event "Rated Blitz game"]
[Site "?"]
[Date "2021.11.24"]
[Round "?"]
[White "Starazagora"]
[Black "soltanovch"]
[Result "1-0"]
[WhiteElo "2467"]
[BlackElo "2302"]
[PlyCount "113"]
[EventDate "2021.??.??"]
[EventType "blitz"]

1. e4 e5 2. Nf3 d5 3. Nxe5 dxe4 4. d4 Bd6 5. Nc3 Bxe5 6. dxe5 Qxd1+ 7. Nxd1 Nc6
8. Bb5 Bd7 9. Bf4 Nge7 10. Bg3 O-O 11. Nc3 Bf5 12. O-O-O a6 13. Bxc6 bxc6 14.
Rhe1 Bg4 15. Rd4 c5 16. Rdxe4 Rfd8 17. Rc4 Be6 18. Rxc5 Rd4 19. Rd1 Rad8 20.
Rxd4 Rxd4 21. Rxc7 Kf8 22. Ra7 Bc8 23. Ra8 Ke8 24. f3 Kd7 25. Bf2 Rc4 26. Ra7+
Ke6 27. Ne4 Nc6 28. Rc7 Nxe5 29. Rxc4 Nxc4 30. b3 Ne5 31. Bd4 f6 32. Bxe5 Kxe5
33. Kd2 f5 34. Nc5 f4 35. c3 g5 36. a4 h5 37. b4 g4 38. fxg4 hxg4 39. b5 axb5
40. axb5 Kd5 41. Nd3 f3 42. gxf3 gxf3 43. Ke3 Bf5 44. Ne1 Kc4 45. Nxf3 Kxc3 46.
b6 Bc8 47. h4 Kc4 48. h5 Kd5 49. Kf4 Kc6 50. h6 Kxb6 51. h7 Bb7 52. h8=Q Bc6
53. Ke5 Kb5 54. Nd4+ Kc5 55. Nxc6 Kxc6 56. Qc8+ Kb6 57. Kd5 {Normal} 1-0

[Event "Rated Blitz game"]
[Site "?"]
[Date "2021.11.24"]
[Round "?"]
[White "shanid193"]
[Black "Annali-annaliew1979"]
[Result "0-1"]
[WhiteElo "2296"]
[BlackElo "2474"]
[PlyCount "92"]
[EventDate "2021.??.??"]
[EventType "blitz"]

1. e4 e5 2. Nf3 d5 3. exd5 e4 4. Nd4 c5 5. Nb3 f5 6. c4 Nf6 7. Be2 Bd6 8. d3
O-O 9. dxe4 Nxe4 10. Be3 b6 11. O-O Nd7 12. g3 Ndf6 13. Bf3 Bd7 14. Bg2 Ng4 15.
Nc3 Nxe3 16. fxe3 Qg5 17. Qf3 Rae8 18. Rac1 a5 19. Rfe1 a4 20. Na1 Nd2 21. Qe2
Ne4 22. Nxe4 fxe4 23. Rf1 Bg4 24. Rxf8+ Rxf8 25. Qd2 Bf3 26. Rf1 Be5 27. Qf2 h5
28. b3 h4 29. gxh4 Qg4 30. Nc2 axb3 31. axb3 Bf6 32. Qg3 Bxh4 33. Qxg4 Bxg4 34.
Rxf8+ Kxf8 35. Bxe4 Ke7 36. Kg2 Kd6 37. Bf3 Bd7 38. h3 Bf6 39. Bg4 Be8 40. Kf3
Bg6 41. e4 Ke5 42. Ne3 Bxe4+ 43. Ke2 g6 44. Kd2 Bg5 45. Ke2 Kd4 46. Nd1 Bc2 {
Time forfeit} 0-1

[Event "Rated Blitz game"]
[Site "?"]
[Date "2021.11.24"]
[Round "?"]
[White "PCIGeneral"]
[Black "KamranShirazi"]
[Result "0-1"]
[WhiteElo "2548"]
[BlackElo "2568"]
[PlyCount "22"]
[EventDate "2021.??.??"]
[EventType "blitz"]

1. e4 e5 2. Nf3 d5 3. Nc3 dxe4 4. Nxe4 f5 5. Nc3 e4 6. Ne5 Qd4 7. Qh5+ g6 8.
Nxg6 hxg6 9. Qxg6+ Kd8 10. Qf7 Nh6 11. Qb3 Bc5 {Normal} 0-1

[Event "Rated Blitz game"]
[Site "?"]
[Date "2021.11.24"]
[Round "?"]
[White "sergik101"]
[Black "Lasker-on-speed"]
[Result "1-0"]
[WhiteElo "2391"]
[BlackElo "2445"]
[PlyCount "55"]
[EventDate "2021.??.??"]
[EventType "blitz"]

1. e4 e5 2. Nf3 d5 3. Nxe5 Bd6 4. d4 dxe4 5. Nc4 Nf6 6. Bg5 O-O 7. Nc3 Re8 8.
Be2 Be7 9. O-O Bf5 10. f3 Nc6 11. d5 Nxd5 12. Bxe7 Ndxe7 13. fxe4 Be6 14. Qe1
Qd4+ 15. Qf2 Qxf2+ 16. Rxf2 Nd4 17. Bd3 Nec6 18. b3 Rad8 19. Raf1 a6 20. a3 b5
21. Ne3 Nxb3 22. Ned5 Bxd5 23. Nxd5 Ne5 24. cxb3 c6 25. Nb4 a5 26. Nxc6 Nxd3
27. Rxf7 Rd6 28. Ne7+ {Normal} 1-0

[Event "Rated Blitz game"]
[Site "?"]
[Date "2021.11.24"]
[Round "?"]
[White "sreckojr"]
[Black "Lasker-on-speed"]
[Result "0-1"]
[WhiteElo "2377"]
[BlackElo "2437"]
[PlyCount "56"]
[EventDate "2021.??.??"]
[EventType "blitz"]

1. e4 e5 2. Nf3 d5 3. Nxe5 Bd6 4. d4 dxe4 5. Nc4 Nf6 6. Nxd6+ Qxd6 7. Be2 O-O
8. O-O Nc6 9. Be3 Rd8 10. c3 Nd5 11. Na3 Qg6 12. Kh1 f5 13. Bc4 Nce7 14. Qd2
Be6 15. Bg5 c6 16. f3 exf3 17. Rxf3 Re8 18. Raf1 h6 19. Bxe7 Nxe7 20. Bxe6+
Qxe6 21. Re3 Qf7 22. Qc2 Nd5 23. Ref3 Ne3 24. Rxe3 Rxe3 25. Nc4 Qxc4 26. Qxf5
Rae8 27. h3 Qxf1+ 28. Qxf1 Re1 {Normal} 0-1

[Event "Rated Blitz game"]
[Site "?"]
[Date "2021.11.24"]
[Round "?"]
[White "renanreis"]
[Black "Roberto_Baggio1978"]
[Result "0-1"]
[WhiteElo "2427"]
[BlackElo "2569"]
[PlyCount "86"]
[EventDate "2021.??.??"]
[EventType "blitz"]

1. e4 e5 2. Nf3 d5 3. exd5 e4 4. Qe2 Nf6 5. d3 Qxd5 6. Nbd2 Nc6 7. Nxe4 Be6 8.
Nxf6+ gxf6 9. Qe4 Qa5+ 10. Bd2 Qb6 11. Bc3 Bb4 12. Be2 O-O-O 13. O-O Bxc3 14.
bxc3 Rhe8 15. Qf4 Qa5 16. c4 Bxc4 17. Qxc4 Rxe2 18. Rfe1 Rxe1+ 19. Rxe1 Ne5 20.
Qe4 Qxa2 21. Nxe5 fxe5 22. c4 Qd2 23. h3 Qxd3 24. Qxe5 Qxc4 25. Qf5+ Kb8 26.
Qxh7 a5 27. Qb1 a4 28. Rc1 Qb3 29. Qe4 Rd1+ 30. Rxd1 Qxd1+ 31. Kh2 Qd6+ 32. g3
a3 33. Qe8+ Ka7 34. Qa4+ Qa6 35. Qd4+ b6 36. h4 a2 37. Qa1 Qa3 38. h5 Qb3 39.
Qe5 Qc2 40. h6 Qxf2+ 41. Kh3 Qc2 42. Kg4 Kb7 43. Kg5 Qc5 {Normal} 0-1

[Event "Rated Blitz game"]
[Site "?"]
[Date "2021.11.24"]
[Round "?"]
[White "TeddyBear2005"]
[Black "StoqnOrlinovStoqnov"]
[Result "0-1"]
[WhiteElo "2575"]
[BlackElo "2597"]
[PlyCount "44"]
[EventDate "2021.??.??"]
[EventType "blitz"]

1. e4 e5 2. Nf3 d5 3. Nxe5 Bd6 4. d4 dxe4 5. Bc4 Bxe5 6. dxe5 Qxd1+ 7. Kxd1
Bg4+ 8. Be2 Bxe2+ 9. Kxe2 Nc6 10. Bf4 O-O-O 11. c3 Nge7 12. Nd2 Ng6 13. Bg3
Ncxe5 14. Nxe4 f5 15. f4 Nc4 16. b3 Rhe8 17. bxc4 Rxe4+ 18. Kf2 Rd2+ 19. Kf3
Rd3+ 20. Kf2 Rxc3 21. Rhe1 Rcxc4 22. Red1 Nxf4 {Normal} 0-1

[Event "Rated Blitz game"]
[Site "?"]
[Date "2021.11.24"]
[Round "?"]
[White "Tuzibaba"]
[Black "Tengo1000cuentas"]
[Result "0-1"]
[WhiteElo "2543"]
[BlackElo "2295"]
[PlyCount "38"]
[EventDate "2021.??.??"]
[EventType "blitz"]

1. e4 e5 2. Nf3 d5 3. exd5 Nf6 4. Nxe5 Qxd5 5. d4 Nc6 6. Nxc6 Qxc6 7. Nc3 Bb4
8. Bd2 O-O 9. Qf3 Bxc3 10. Bxc3 Re8+ 11. Be2 Bg4 12. Qxc6 Rxe2+ 13. Kf1 bxc6
14. f3 Rae8 15. fxg4 Nd5 16. Be1 Nf4 17. Rg1 Rxc2 18. Bc3 Nd3 19. Rh1 Ree2 {
Normal} 0-1